00865nam a2200217 a 450000100100000000500170001000800410002704000250006804100130009310000280010624501010013425000120023526000450024730000210029250400270031359000750034065000260041570000390044195201500048099900170063000003536720200930074305.0111028s1977 ag 000 0 spa d aDO-SdBNPbspacBNPHU17aspaheng1 aBrenner, Charles96117010aElementos fundamentales de psicoanálisis /cCharles Brenner ; traducción Horacio Martínez. a4a. ed. aBuenos Aires :bLibros Básicos,c1977. a237 p. ;c20 cm. aIncluye bibliografía aPerteneció a la biblioteca personal de Juan Isidro Jimenes Grullón24aPsicoanálisis919581 aMartínez, Horacio,etrad.961171 0010507-18MOaGRbGRcOId2011-10-28iLF1l0o p35367-10r2020-06-25w2020-06-25y1zBiblioteca Juan Isidro Jiménes GrullónZNo se presta c34858d34858